<?xml version="1.0" encoding="UTF-8"?>
<record
    xmlns:xsi="http://www.w3.org/2001/XMLSchema-instance"
    xsi:schemaLocation="http://www.loc.gov/MARC21/slim http://www.loc.gov/standards/marcxml/schema/MARC21slim.xsd"
    xmlns="http://www.loc.gov/MARC21/slim">

  <leader>00761cam a22002174a 4500</leader>
  <datafield tag="999" ind1=" " ind2=" ">
    <subfield code="c">7739</subfield>
    <subfield code="d">7739</subfield>
  </datafield>
  <datafield tag="020" ind1=" " ind2=" ">
    <subfield code="a">9780131976535</subfield>
  </datafield>
  <datafield tag="050" ind1="0" ind2="0">
    <subfield code="a">RT41</subfield>
    <subfield code="b">.K72</subfield>
  </datafield>
  <datafield tag="245" ind1="0" ind2="0">
    <subfield code="a">Kozier &amp; Erb's fundamentals of nursing :</subfield>
    <subfield code="b">concepts, process, and practice /</subfield>
    <subfield code="c">Audrey Berman ... [et al.].</subfield>
  </datafield>
  <datafield tag="250" ind1=" " ind2=" ">
    <subfield code="a">8th ed.</subfield>
  </datafield>
  <datafield tag="260" ind1=" " ind2=" ">
    <subfield code="a">Upper Saddle River, N.J. :</subfield>
    <subfield code="b">Pearson Prentice Hall,</subfield>
    <subfield code="c">c2008.</subfield>
  </datafield>
  <datafield tag="300" ind1=" " ind2=" ">
    <subfield code="a">xxv, 1631 p. :</subfield>
    <subfield code="b">col. ill. ;</subfield>
    <subfield code="c">29 cm. +</subfield>
    <subfield code="e">1 DVD-ROM (4 3/4 in.)</subfield>
  </datafield>
  <datafield tag="500" ind1=" " ind2=" ">
    <subfield code="a">Barbara Kozier's name appears first on earlier ed. under the title: Fundamentals of nursing.</subfield>
  </datafield>
  <datafield tag="650" ind1=" " ind2="0">
    <subfield code="a">Nursing.</subfield>
  </datafield>
  <datafield tag="650" ind1="1" ind2="2">
    <subfield code="a">Nursing Process.</subfield>
  </datafield>
  <datafield tag="650" ind1="2" ind2="2">
    <subfield code="a">Nursing Care.</subfield>
  </datafield>
  <datafield tag="650" ind1="2" ind2="2">
    <subfield code="a">Nursing Theory.</subfield>
  </datafield>
  <datafield tag="700" ind1="1" ind2=" ">
    <subfield code="a">Berman, Audrey.</subfield>
  </datafield>
  <datafield tag="700" ind1="1" ind2=" ">
    <subfield code="a">Kozier, Barbara.</subfield>
  </datafield>
  <datafield tag="730" ind1="0" ind2=" ">
    <subfield code="a">Fundamentals of nursing.</subfield>
  </datafield>
  <datafield tag="942" ind1=" " ind2=" ">
    <subfield code="c">BK</subfield>
  </datafield>
  <datafield tag="952" ind1=" " ind2=" ">
    <subfield code="0">0</subfield>
    <subfield code="1">0</subfield>
    <subfield code="4">0</subfield>
    <subfield code="7">0</subfield>
    <subfield code="a">MUCGN</subfield>
    <subfield code="b">MUCGN</subfield>
    <subfield code="d">2021-09-23</subfield>
    <subfield code="l">0</subfield>
    <subfield code="o">RT41 .K72</subfield>
    <subfield code="p">23761</subfield>
    <subfield code="r">2021-09-23 00:00:00</subfield>
    <subfield code="w">2021-09-23</subfield>
    <subfield code="y">BK</subfield>
  </datafield>
  <datafield tag="952" ind1=" " ind2=" ">
    <subfield code="0">0</subfield>
    <subfield code="1">0</subfield>
    <subfield code="4">0</subfield>
    <subfield code="7">0</subfield>
    <subfield code="a">MUCGN</subfield>
    <subfield code="b">MUCGN</subfield>
    <subfield code="d">2021-09-23</subfield>
    <subfield code="l">0</subfield>
    <subfield code="o">RT41 .K72</subfield>
    <subfield code="p">23762</subfield>
    <subfield code="r">2021-09-23 00:00:00</subfield>
    <subfield code="w">2021-09-23</subfield>
    <subfield code="y">BK</subfield>
  </datafield>
  <datafield tag="952" ind1=" " ind2=" ">
    <subfield code="0">0</subfield>
    <subfield code="1">0</subfield>
    <subfield code="4">0</subfield>
    <subfield code="7">0</subfield>
    <subfield code="a">MUCGN</subfield>
    <subfield code="b">MUCGN</subfield>
    <subfield code="d">2021-09-23</subfield>
    <subfield code="l">0</subfield>
    <subfield code="o">RT41 .K72</subfield>
    <subfield code="p">33706</subfield>
    <subfield code="r">2021-09-23 00:00:00</subfield>
    <subfield code="w">2021-09-23</subfield>
    <subfield code="y">BK</subfield>
  </datafield>
</record>
